| 000 | 00655nam a22002177a 4500 | ||
|---|---|---|---|
| 003 | OSt | ||
| 005 | 20250815013234.0 | ||
| 008 | 250815b |||||||| |||| 00| 0 eng d | ||
| 020 | _a9789712368472 | ||
| 040 |
_aDWC-Main Lib _cOC |
||
| 082 | _aFil. 658.15 M333e 2014 | ||
| 100 | _aMARIANO, NORMA D.L. | ||
| 245 |
_aElements of finance/ _cNORMA D.L. MARIANO |
||
| 260 |
_aManila : _bRex Book Store, _c c2014. |
||
| 300 |
_axii, 294 pages : _b illustrations ; _c 25 cm. |
||
| 490 | _a(BIZ-ACCT series) | ||
| 504 | _aIncludes bibliographical references | ||
| 650 | _a1. Finance. | ||
| 650 | _a2. Corporations--Finance. | ||
| 942 |
_2ddc _cBK - FIL _kFil. _n0 |
||
| 999 |
_c3954 _d3954 |
||